Normal view MARC view
  • Macías Richard, Carlos,

Entry Nombre Personal

Number of records used in: 3

001 - NUMERO DE CONTROL

  • campo de control: 34601

003 - IDENTIFICADOR DE NUMERO DE CONTROL

  • campo de control: DLC

005 - FECHA Y HORA DE LA ÜLTIMA TRANSACCIÓN

  • campo de control: 20230510094341.0

008 - DATOS DE LONGITUD FIJA

  • campo de control de longitud fija: 960411n| acannaabn |a aaa

010 ## - NÚMERO DE CONTROL DE LA BIBLIOTECA DEL CONGRESO

  • Número de control LC: n 96035504
  • Número de Control LC Cancelado/inválido: n 90634672

035 ## - NUMERO DE CONTROL

  • Número de control: (OCoLC)oca04055271

040 ## - FUENTE DE CATALOGACIÓN

  • Agencia original de catalogación: DLC
  • Lenguaje de catalogación: spa
  • Agencia de transcripción: DLC
  • Agencia que lo modifica: OCoLC
  • Agencia que lo modifica: DLC
  • Agencia que lo modifica: MX-MxUPN

046 ## - FECHAS CON CODIFICACIÓN ESPECIAL

  • Fecha de nacimiento: 1958

100 1# - ENCABEZAMIENTO - NOMBRE PERSONAL

  • Nombre personal: Macías Richard, Carlos,
  • Fechas asociadas con el nombre: 1958-

370 ## - LUGAR ASOCIADO

  • Place of birth: Ciudad de México

400 1# - VEÁSE - NOMBRE DE PERSONA

  • Personal name: Richard, Carlos Macías,
  • Dates associated with a name: 1958-

400 1# - VEÁSE - NOMBRE DE PERSONA

  • Personal name: Macías, Carlos,
  • Dates associated with a name: 1958-

670 ## - FUENTE EN LA QUE SE LOCALIZARON DATOS

  • Cita de la fuente: Vida y temperamento,1995- :
  • Información localizada: v. 1, portada (Carlos Macías Richard) solapa cubierta posterior (n. México City, 1958)

670 ## - FUENTE EN LA QUE SE LOCALIZARON DATOS

  • Cita de la fuente: Calles, P.E. Pensamiento pol. y soc., 1988:
  • Información localizada: portada (Carlos Macías)

902 ## - CATALOGADOR

  • Catalogador: NDAF/100523